Pharmaocognosy & Phytochemistry-1 (Record no. 12702)
[ view plain ]
| 000 -LEADER | |
|---|---|
| fixed length control field | 00502nam a22001937a 4500 |
| 003 - CONTROL NUMBER IDENTIFIER | |
| control field | OSt |
| 008 - FIXED-LENGTH DATA ELEMENTS--GENERAL INFORMATION | |
| fixed length control field | 240520b |||||||| |||| 00| 0 eng d |
| 020 ## - INTERNATIONAL STANDARD BOOK NUMBER | |
| International Standard Book Number | 9789395295277 |
| 082 ## - DEWEY DECIMAL CLASSIFICATION NUMBER | |
| Classification number | 615.321 SAT |
| 100 ## - MAIN ENTRY--PERSONAL NAME | |
| Personal name | SATPUTE, Kranti.L |
| 245 ## - TITLE STATEMENT | |
| Title | Pharmaocognosy & Phytochemistry-1 |
| 260 ## - PUBLICATION, DISTRIBUTION, ETC. (IMPRINT) | |
| Place of publication, distribution, etc | Jalgaon |
| Name of publisher, distributor, etc | Pritam Pub. |
| Date of publication, distribution, etc | 2022 |
| 300 ## - PHYSICAL DESCRIPTION | |
| Extent | 199 |
| 650 ## - SUBJECT ADDED ENTRY--TOPICAL TERM | |
| Topical term or geographic name as entry element | PHARMOCOGNOSY AND PHYTOCHEMISTRY-I |
| 700 ## - ADDED ENTRY--PERSONAL NAME | |
| Personal name | Waghmare,Rahul.S |
| 700 ## - ADDED ENTRY--PERSONAL NAME | |
| Personal name | Chakote, Vijay.R |
| 700 ## - ADDED ENTRY--PERSONAL NAME | |
| Personal name | Dahale, Pooja.P |
| 942 ## - ADDED ENTRY ELEMENTS (KOHA) | |
| Source of classification or shelving scheme | Dewey Decimal Classification |
| Koha item type | Text Books |
| Withdrawn status | Lost status | Source of classification or shelving scheme | Damaged status | Not for loan | Collection code | Home library | Current library | Date acquired | Source of acquisition | Currency | Cost, normal purchase price | Bill Number | Total Checkouts | Full call number | Acc. no. / Barcode | Date last seen | Actual Cost, discounted price | Bill Date | Koha item type | Date last borrowed |
|---|---|---|---|---|---|---|---|---|---|---|---|---|---|---|---|---|---|---|---|---|
| Dewey Decimal Classification | B.Pharma | PIET C-LIBRARY | PIET C-LIBRARY | 10/05/2024 | ZAFAA BOOKS | RUPEES | 280.00 | ZBDOO21 | 615.321 SAT | BP2569 | 20/05/2024 | 224.00 | 06/05/2024 | Reference Books | ||||||
| Dewey Decimal Classification | B.Pharma | PIET C-LIBRARY | PIET C-LIBRARY | 10/05/2024 | ZAFAA BOOKS | RUPEES | 280.00 | ZBDOO21 | 3 | 615.321 SAT | BP2570 | 16/01/2025 | 224.00 | 06/05/2024 | Text Books | 14/01/2025 | ||||
| Dewey Decimal Classification | B.Pharma | PIET C-LIBRARY | PIET C-LIBRARY | 10/05/2024 | ZAFAA BOOKS | RUPEES | 280.00 | ZBDOO21 | 3 | 615.321 SAT | BP2571 | 16/12/2024 | 224.00 | 06/05/2024 | Text Books | 04/12/2024 | ||||
| Dewey Decimal Classification | B.Pharma | PIET C-LIBRARY | PIET C-LIBRARY | 10/05/2024 | ZAFAA BOOKS | RUPEES | 280.00 | ZBDOO21 | 4 | 615.321 SAT | BP2572 | 16/01/2025 | 224.00 | 06/05/2024 | Text Books | 14/01/2025 | ||||
| Dewey Decimal Classification | B.Pharma | PIET C-LIBRARY | PIET C-LIBRARY | 10/05/2024 | ZAFAA BOOKS | RUPEES | 280.00 | ZBDOO21 | 1 | 615.321 SAT | BP2573 | 14/10/2024 | 224.00 | 06/05/2024 | Text Books | 01/10/2024 |